Emociones de estudiantes de tercer año básico en el contexto de evaluaciones escritas en educación matemática

El presente artículo reporta resultados de una investigación cerca de las emociones que vivencian estudiantes de tercer año de educación primaria, en una evaluación escrita de Educación Matemática. Se trabaja con base en la perspectiva del pensamiento complejo de Edgar Morín, la noción de complejida...

Full description

Bibliographic Details
Main Author: Vejar Barra, Melissa
Other Authors: Ávila Contreras, Jorge
Format: Analitica de revista
Language:Spanish
Published: Santiago, Chile: Universidad Academia de Humanismo Cristiano, 2020.
Subjects:
Online Access:Disponible en línea (PDF). Biblioteca Digital UAHC

MARC

LEADER 00000cab a2200000 a 4500
001 036106
003 UAHC_CL
005 20200705193515.0
008 140729s2020 cl 000 spa
952 |0 0  |1 0  |4 0  |6 PAULO_FREIRE23_20_000000000000000  |7 0  |8 COMP  |9 93955  |a BC  |b BC  |c Hemeroteca  |d 2020-07-05  |l 0  |o PAULO FREIRE-23/20  |r 2020-07-05 00:00:00  |w 2020-07-05  |y REVA 
999 |c 53569  |d 53569 
040 |a UAHC_CL  |c UAHC_CL  |d UAHC_CL 
100 |a Vejar Barra, Melissa   |9 12482 
245 1 0 |a Emociones de estudiantes de tercer año básico en el contexto de evaluaciones escritas en educación matemática  |c Melissa Betzabé Vejar Barra y Jorge Iván Ávila Contreras. 
260 |a Santiago, Chile:  |b Universidad Academia de Humanismo Cristiano,  |c 2020. 
300 |a pp. 47-68  
500 |a En: Paulo Freire, revista de pedagogía crítica, No. 23, 2020. pp. 47-68. ISSN 07179065 (Versión Impresa) 07178019 (Versión en línea). 
520 |a El presente artículo reporta resultados de una investigación cerca de las emociones que vivencian estudiantes de tercer año de educación primaria, en una evaluación escrita de Educación Matemática. Se trabaja con base en la perspectiva del pensamiento complejo de Edgar Morín, la noción de complejidad vivencial y la relación emoción/color de acuerdo a la rosa cromática de Plutchik. El enfoque metodológico es cualitativo con diseño de estudio de casos. Los hallazgos reportan asociación de emociones del estudiantado con elementos personales o situaciones que vivencian principalmente con sus padres más que con las matemáticas, y la asociación de sus emociones con el color se vincula más con aspectos de su experiencia cotidiana que con los colores indicados por la rosa cromática de Plutchik. 
650 0 |9 6901  |a Matemáticas   |x Enseñanza básica  |z Chile 
650 0 |9 12484  |a Matemáticas   |x Aspectos psicológicos 
700 |9 12483  |a Ávila Contreras, Jorge  
856 |u http://revistas.academia.cl/index.php/pfr/article/view/1652/1845  |y Disponible en línea (PDF). Biblioteca Digital UAHC 
900 |a PAULO FREIRE-23/20 
942 |c REVA